Państwa graniczące z Polską w 1937 - Statystyki

Ogólne statystyki
  • Ten quiz został rozwiązany 1 612 razy
    1 606 od ostatniego zresetowania
  • Średni wynik to 6 z 7
Statystyki odpowiedzi
Państwo % Poprawnych
Czechosłowacja
96%
Związek Radziecki
95%
Litwa
89%
III Rzesza
88%
Rumunia
76%
Łotwa
74%
Wolne Miasto Gdańsk
49%
Nie znaleziono quizów pasujących do podanych kryteriów
Rozkład punktacji
Procent ludzi z każdym wynikiem
Percentyl według liczby udzielonych odpowiedzi
Twoja historia wyników
Nie rozwiązałeś tego quizu od ostatniego zresetowania